000
00274nam a2200121 a 4500
008
101021s1969|||| d
100
1
_a
Klačko, Herman
245
1
0
_a
Ráno v Bombaji
260
_b
Smena
_a
Bratislava
_c
1969
041
_a
slo
020
_c
14
044
_a
xo
_c
SK
999
_c
11908
_d
11908